Statistics for World Geography on a Map #2

Click here to take the quiz!

General Stats

  • This quiz has been taken 19,081 times
  • The average score is 16 of 25

Answer Stats

Type Answer % Correct
DesertSahara
97%
CityNew York City
89%
CountryYemen
88%
CountryEstonia
85%
CountryCzech Republic
81%
CityBarcelona
80%
IslandGreenland
79%
CityBuenos Aires
77%
DesertGobi
76%
CityMelbourne
72%
MountainEverest
71%
CountryUganda
67%
CountryBelize
67%
IslandSicily
62%
IslandHispaniola
58%
IslandHonshu
53%
MountainBlanc
50%
MountainDenali
50%
IslandSumatra
49%
CityKolkata
48%
DesertKalahari
48%
DesertMojave
37%
MountainTable
33%
MountainElbrus
26%
DesertGreat Sandy
12%

Score Distribution

Percentile by Number Answered

Percent of People with Each Score

Your Score History

You have not taken this quiz